Catholic University of Zimbabwe Library
Online Public Access Catalogue
(OPAC)

Psychology - 2e / (Record no. 20272)

MARC details
000 -LEADER
fixed length control field 02244nam a22003017a 4500
005 - DATE AND TIME OF LATEST TRANSACTION
control field 20201207103320.0
008 - FIXED-LENGTH DATA ELEMENTS--GENERAL INFORMATION
fixed length control field 201207b ||||| |||| 00| 0 eng d
020 ## - INTERNATIONAL STANDARD BOOK NUMBER
International Standard Book Number 978-1-975076-44-3 (paperback)
020 ## - INTERNATIONAL STANDARD BOOK NUMBER
International Standard Book Number 978-1-951693-23-7 (digital)
020 ## - INTERNATIONAL STANDARD BOOK NUMBER
International Standard Book Number 978-1-975076-45-0 (hardcover)
040 ## - CATALOGING SOURCE
Original cataloging agency CUZ
Language of cataloging eng
Transcribing agency CUZ
Description conventions rda
100 1# - MAIN ENTRY--PERSONAL NAME
Personal name Spielman, Rose M.
Relator term Author
245 10 - TITTLE STATEMENT
Title Psychology - 2e /
Statement of responsibility, etc. Rose M. Spielman; William J. Jenkins; Marilyn D. Lovett.
264 ## - PRODUCTION, PUBLICATION, DISTRIBUTION, MANUFACTURE, AND COPYRIGHT NOTICE
Place of production, publication, distribution, manufacture [Place of publication not identified] :
Name of producer, publisher, distributor, manufacturer Open stax,
Date of production, publication, distribution, manufacture, or copyright notice ©2020
300 ## - PHYSICAL DESCRIPTION
Extent 1 online resource
336 ## - CONTENT TYPE
Source rdacontent
Content type term text
Content type code txt
337 ## - MEDIA TYPE
Source rdamedia
Media type term computer
Media type code n
338 ## - CARRIER TYPE
Source rdacarrier
Carrier type term online resource
Carrier type code nc
520 ## - SUMMARY, ETC.
Summary, etc. Psychology - 2e is designed to meet scope and sequence requirements for the single-semester introduction to psychology course. The book offers a comprehensive treatment of core concepts, grounded in both classic studies and current and emerging research. The text also includes coverage of the DSM-5 in examinations of psychological disorders. Psychology incorporates discussions that reflect the diversity within the discipline, as well as the diversity of cultures and communities across the globe. The second edition contains detailed updates to address comments and suggestions from users. Significant improvements and additions were made in the areas of research currency, diversity and representation, and the relevance and recency of the examples. Many concepts were expanded or clarified, particularly through the judicious addition of detail and further explanation where necessary. Finally, the authors addressed the replication issues in the psychology discipline, both in the research chapter and where appropriate throughout the book.
650 ## - SUBJECT ADDED ENTRY--TOPICAL TERM
Source of heading or term Psychology
Topical term or geographic name entry element Textbook
650 ## - SUBJECT ADDED ENTRY--TOPICAL TERM
Source of heading or term Social Sciences
Topical term or geographic name entry element Textbook
700 1# - ADDED ENTRY--PERSONAL NAME
Personal name Jenkins, William J.
Relator term Senior contributing author
700 1# - ADDED ENTRY--PERSONAL NAME
Personal name Lovett, Marilyn D.
Relator term Senior contributing author
856 ## - ELECTRONIC LOCATION AND ACCESS
Materials specified PDF
Uniform Resource Identifier <a href="http://solr.bccampus.ca:8001/bcc/file/8ddf544c-04ba-44c2-9e8e-6cf1ce82b4ce/1/OTB129-02-Psychology-2e.pdf">http://solr.bccampus.ca:8001/bcc/file/8ddf544c-04ba-44c2-9e8e-6cf1ce82b4ce/1/OTB129-02-Psychology-2e.pdf</a>
Public note connect to resource
856 ## - ELECTRONIC LOCATION AND ACCESS
Materials specified website
Uniform Resource Identifier <a href="https://openstax.org/details/books/psychology-2e">https://openstax.org/details/books/psychology-2e</a>
Public note access online
999 ## -
-- 20272
-- 20272
942 ## - ADDED ENTRY ELEMENTS (KOHA)
Source of classification or shelving scheme
Koha item type eBook
952 ## - LOCATION AND ITEM INFORMATION (KOHA)
-- 0
-- 0
-- 0
-- 0
-- 2020-12-07
-- 0
-- 2020-12-07
-- 2020-12-07
Holdings
Materials specified (bound volume or other part) Home library Uniform Resource Identifier Koha item type Public note
Digital Digital Library https://openstax.org/details/books/psychology-2e eBook connect to resource

OPENING HOURS

Weekdays: 0815hrs - 1800hrs
Weekends:0900hrs - 1200hrs

Closed for Mass:

Mon, Thur: 1200hrs - 1300hrs
Sunday & Public Holiday’s

CALL SUPPORT

0242-570570, 0242-570169
09200664, +263 8644140602

LOCATION

18443, Cranborne Avenue, Hatfield, Harare

Other Links


©2021 | CUZ Library